Quantum electrodynamics / (Record no. 20898)

MARC details
000 -LEADER
fixed length control field 01570nam a22003855i 4500
001 - CONTROL NUMBER
control field 2688184
003 - CONTROL NUMBER IDENTIFIER
control field EG-ScBUE
005 - DATE AND TIME OF LATEST TRANSACTION
control field 20250622084213.0
008 - FIXED-LENGTH DATA ELEMENTS--GENERAL INFORMATION
fixed length control field 750210r20081982enka f b 001 0 eng d
020 ## - INTERNATIONAL STANDARD BOOK NUMBER
International Standard Book Number 9780750633710
040 ## - CATALOGING SOURCE
Original cataloging agency EG-ScBUE
Language of cataloging eng
Description conventions rda
Transcribing agency EG-ScBUE
Modifying agency EG-ScBUE
041 1# - LANGUAGE CODE
Language code of text/sound track or separate title eng
Language code of original and/or intermediate translations of text rus
082 04 - DEWEY DECIMAL CLASSIFICATION NUMBER
Classification number 537.6
Item number BER
Edition number 22
100 1# - MAIN ENTRY--PERSONAL NAME
Personal name Berestet︠s︡kiĭ, V. B.
Fuller form of name (Vladimir Borisovich)
Relator term author.
9 (RLIN) 38481
245 10 - TITLE STATEMENT
Title Quantum electrodynamics /
Statement of responsibility, etc V. B. Berestetskii, E. M. Lifshitz and L. P. Pitaevskii, Institute of Physical Problems ; translated from the Russian by J. B. Sykes and J. S. Bell.
250 ## - EDITION STATEMENT
Edition statement Second edition.
250 ## - EDITION STATEMENT
Edition statement Reprinted edition.
264 #1 - PUBLICATION, DISTRIBUTION, ETC. (IMPRINT)
Place of publication, distribution, etc Oxford :
Name of publisher, distributor, etc Butterworth-Heinemann, An Imprint of Elsevier,
Date of publication, distribution, etc 2008.
300 ## - PHYSICAL DESCRIPTION
Extent xv, 652 pages :
Other physical details illustrations ;
Dimensions 24 cm.
336 ## - CONTENT TYPE
Source rdacontent
Content type term text
Content type code txt
337 ## - MEDIA TYPE
Media type term unmediated
Source rdamedia
Media type code n
338 ## - CARRIER TYPE
Carrier type term volume
Carrier type code nc
Source rdacarrier
490 0# - SERIES STATEMENT
Series statement Course of theoretical physics ;
Volume number/sequential designation volume 4
500 ## - GENERAL NOTE
General note Rev. ed. of: Relativistic quantum theory. 1st ed. 1971-1974.
504 ## - BIBLIOGRAPHY, ETC. NOTE
Bibliography, etc Includes bibliographical references and index.<br/>
546 ## - LANGUAGE NOTE
Language note Text in English ; translated from the original Russian language.
650 #7 - SUBJECT ADDED ENTRY--TOPICAL TERM
Topical term or geographic name as entry element Quantum electrodynamics.
Source of heading or term BUEsh
9 (RLIN) 31492
653 ## - INDEX TERM--UNCONTROLLED
Resource For college Engineering, General
Arrived date list October2015
655 ## - INDEX TERM--GENRE/FORM
Form subdivision Reading book
700 1# - ADDED ENTRY--PERSONAL NAME
Personal name Lifshit︠s︡, E. M.
Fuller form of name (Evgeniĭ Mikhaĭlovich),
9 (RLIN) 38483
Relator term author.
700 1# - ADDED ENTRY--PERSONAL NAME
Personal name Pitaevskiĭ, L. P.
Fuller form of name (Lev Petrovich),
Relator term author.
700 1# - ADDED ENTRY--PERSONAL NAME
Personal name Sykes, J. B.,
Relator term translator.
700 1# - ADDED ENTRY--PERSONAL NAME
Personal name Bell, J. S.,
Relator term translator.
942 ## - ADDED ENTRY ELEMENTS (KOHA)
Source of classification or shelving scheme Dewey Decimal Classification
Koha item type Book - Borrowing
Holdings
Withdrawn status Lost status Source of classification or shelving scheme Damaged status Not for loan Collection code Home library Current library Shelving location Date acquired Source of acquisition Cost, normal purchase price Serial Enumeration / chronology Total Checkouts Total Renewals Full call number Barcode Date last seen Date checked out Cost, replacement price Koha item type
    Dewey Decimal Classification     Baccah Central Library Central Library First floor 12/10/2015 Purchase 360.00 22696 1 2 537.6 BER 000039878 15/07/2025 24/09/2016 450.00 Book - Borrowing